Шляпа волшебника: повесть-сказка

Podrobná bibliografie
Hlavní autor: Янссон Т. Туве
Další autoři: Смирнов В. (переводчик)
Jazyk:ruština
Vydáno: Москва, Рудомино, 1991
Témata:
Médium: MixedMaterials Kniha
KOHA link:https://koha.lib.tpu.ru/cgi-bin/koha/opac-detail.pl?biblionumber=141535

MARC

LEADER 00000nam0a2200000 4500
001 141535
005 20231031142450.0
010 |a 5860440227 
035 |a (RuTPU)RU\TPU\book\153428 
090 |a 141535 
100 |a 20080821d1991 c y0rusy50 ca 
101 1 |a rus  |c swe 
102 |a RU 
105 |a a z 000ay 
200 1 |a Шляпа волшебника  |e повесть-сказка  |f Т. Янссон  |g пер. со шведск. В. Смирнов 
210 |a Москва  |c Рудомино  |d 1991 
215 |a 144 с.  |c ил. 
610 1 |a шведская литература 
610 1 |a детская литература 
610 1 |a сказки 
675 |a 839.7  |v 3 
700 1 |a Янссон  |b Т.  |g Туве 
702 1 |a Смирнов  |b В.  |4 730 
801 1 |a RU  |b 63413507  |c 20080821  |g PSBO 
801 2 |a RU  |b 63413507  |c 20150413  |g RCR 
942 |c BK